Genesis of the Livonian Town in the Tirtheenth Century
| Titel: | Genesis of the Livonian Town in the Tirtheenth Century |
|---|---|
| Verfasser: | |
| In: |
The North-Eastern frontiers of Medieval Europe, (2014), Seite 259-273 alle Artikel anzeigen |
| Veröffentlicht: | 2014 |
| Format: | Aufsatz |
| Sprache: | Englisch |
X
alg: 39278858
001A $01999:11-11-16
001B $01999:06-04-21 $t20:52:03.000
001D $01999:11-11-16
001U $0utf8
001X $00
002@ $0Aox
003@ $0392788586
007A $0392788586 $aHEB
007T $0Herdc0104867m
010@ $aeng
011@ $a2014
021A $aGenesis of the Livonian Town in the Tirtheenth Century
028A $#Tarvel, Ėnn $#Tarvel, Ėnn Valdekovič $#Tarvel, Ė. V. $#Tarvel, Ėnn V. $#Treiberg, Enn $7139001336 $8Tarvel, Enn$Z1932-2021 [Tp1] $9214932605
031A $h259-273 $j2014
039B $aIn $8--Aau--. The @North-Eastern frontiers of Medieval Europe. - Farnham {[u.a.] : Ashgate, 2014. - XLIX, 389 S.. - Ill., graph. Darst., Kt.. - ISBN 978-1-4094-3680-5 $x201400000000000741 $9308263383
045F $a900.947980902 $eDDC23BSB
045F/01 $a900
045F/03 $f0902
045F/03 $g4798
045F/03 $g4796
lok: 39278858 78
exp: 39278858 78 1 #EPN
201B/01 $001-03-19 $t22:51:46.000
201U/01 $0utf8
203@/01 $0788898752
208@/01 $a11-11-16 $be
209A/01 $a/ $f000 $x00
220C/01 $aTitelaufnehmer: kk
220C/01 $aHerkunft: HI Marburg
244Z/01 $2Trx $#Estija $#Igaunija $#Estland $#Estonia $#Estonia $#Estónsko $#Estonsko $8--Trx--Eesti $x01 $9391237225
244Z/01 $2Trx $#Latvija $#Lettland $#Łotwa $#Lotyšsko $8--Trx--Latvija $x02 $9391275879
244Z/01 $#Liivimaa $#Vidzeme $#Livonija $#Vidzeme $#Livonia $#Inflanty $74036075-1 $8--Tg1--Livland $x03 $9085097721
244Z/01 $aGeschichte 1100-1400 $x04
244Z/01 $2Trx $#ordud Saksa Ordu $#ordinas kryžiuočių $#order Teutonic Knights $#rendek Német Lovagrend $#zakony, krzyżacy $#rád, nemeckí rytieri $#řád, němečtí rytíři $#Deutscher Orden $#Ritterorden $#zakon krzyżacki $#zakon niemiecki $#nemeckí rytieri $8--Trx--Orden$gDeutscher Orden $x05 $9391363204
244Z/01 $2Trx $#linnakujundus ja linnade ehitus $#urbanistika $#Municipal construction $#várostervezés és -építés $#urbanistyka $#urbanistika $#urbanistika $#Städtebau $8--Trx--Stadtplanung und Städtebau $x06 $9391374583
244Z/01 $2Trx $#sõjaväe ehitised $#gynybinė statyba $#Military architecture $#katonai erödítmények $#budownictwo obronne $#stavby obranné vojenské $#opevnění $#Befestigungsanlagen $#Wehrkirchen $#opevňovacie zariadenia $#opevnené kostoly $8--Trx--Wehrbauten $x07 $9391355503
244Z/01 $2Trx $#linnarahvastik $#miesto gyventojai $#city dwellers $#város-lakosság $#ludność miejska $#obyvateľstvo mestské $#obyvatelstvo městské $8--Trx--Stadtbevölkerung $x08 $9391353233
244Z/01 $2Trx $8--Trx--Einzelbeiträge $x09 $9391384570
245Z/01 $a06.02 $x01
247C/01 $82080>Marburg/Lahn, Herder-Institut, Forschungsbibliothek, Bibliographieportal $9336309341
| LEADER | 00000caa a22000002c 4500 | ||
|---|---|---|---|
| 001 | 392788586 | ||
| 003 | DE-603 | ||
| 005 | 20210406205203.0 | ||
| 007 | tu | ||
| 008 | 161111s2014 xx |||| | u00||u|eng c | ||
| 035 | |a (DE-599)HEB392788586 | ||
| 040 | |a DE-603 |b ger |c DE-603 |d DE-603 | ||
| 041 | |a eng | ||
| 082 | 0 | 4 | |8 1\u |a 900.947980902 |q DE-101 |2 23/BSB |
| 085 | |8 1\u |b 900 | ||
| 085 | |8 1\u |z 1 |s 0902 | ||
| 085 | |8 1\u |z 2 |s 4798 | ||
| 085 | |8 1\u |z 2 |s 4796 | ||
| 100 | 1 | |a Tarvel, Enn |d 1932-2021 |0 (DE-603)214932605 |0 (DE-588)139001336 |2 gnd | |
| 245 | 0 | 0 | |a Genesis of the Livonian Town in the Tirtheenth Century |
| 264 | 0 | |c 2014 | |
| 773 | 0 | 8 | |i In |t The North-Eastern frontiers of Medieval Europe |d Farnham [u.a.] : Ashgate, 2014 |h XLIX, 389 S., Ill., graph. Darst., Kt. |z 9781409436805 |g (2014), Seite 259-273 |w (DE-603)308263383 |
| 924 | 0 | |9 2080 |a (DE-603)788898752 |b DE-2080 |c HES |d d |g / | |


